عرض عادي
عرض مارك
- قطناني، محمد حسين.
مدخل إسم شخص
001 - رقم الضبط
- حقل الضبط: 12416
003 - معرف رقم الضبط
- حقل الضبط: OSt
005 - تاريخ ووقت أخر عملية
- حقل الضبط: 20120507095913.0
008 - عناصر بيانات ثابتة الطول
- حقل تحكم ثابت الطول: 120507|||a|||||| | ||| d
040 ## - مصدر الفهرسة
- هيئة الفهرسة الأصلية: OSt
- وكالة الكتابة: OSt
100 ## - مدخل -- أسم شخص
- إسم شخص: قطناني، محمد حسين.
670 ## - بيانات المصدر موجوده
- الاستشهاد بالمصدر: Work cat.: (OSt): قطناني، محمد حسين., تطوير الذات :, 2011
